[Event "Tallinn Vesi op"]
[Site "Tallinn"]
[Date "2001.??.??"]
[Round "?"]
[White "Narva, Jaan"]
[Black "Karjakin, Sergei"]
[Result "1/2-1/2"]
[WhiteElo "2335"]
[BlackElo "2160"]
[PlyCount "69"]
[EventDate "2001.??.??"]
[EventType "swiss"]
[EventRounds "7"]
[EventCountry "EST"]
[SourceTitle "EXT 2006"]
[Source "ChessBase"]
[SourceDate "2005.11.24"]
[SourceVersion "1"]
[SourceVersionDate "2005.11.24"]
[SourceQuality "1"]

1. d4 Nf6 2. c4 g6 3. Nc3 Bg7 4. e4 d6 5. Bg5 O-O 6. Qd2 c5 7. d5 b5 8. cxb5
Qa5 9. a4 a6 10. Ra3 Nbd7 11. Bd3 Ne5 12. Nge2 Qb4 13. O-O Nxd3 14. Qxd3 axb5
15. axb5 Rxa3 16. bxa3 Qxa3 17. Rb1 Bb7 18. Qd2 Ra8 19. b6 Ra6 20. e5 Nd7 21.
e6 fxe6 22. dxe6 Nf6 23. Nf4 Qa5 24. h4 Rxb6 25. Rxb6 Qxb6 26. h5 Ne4 27. Nxe4
Qb1+ 28. Kh2 Qxe4 29. Qa5 Qf5 30. Qd8+ Bf8 31. Bxe7 Qxf4+ 32. Kg1 Qc1+ 33. Kh2
Qf4+ 34. Kg1 Qc1+ 35. Kh2 1/2-1/2

[Event "UKR-ch U14"]
[Site "Simferopol"]
[Date "2001.??.??"]
[Round "?"]
[White "Ajrapetjan, Yuriy"]
[Black "Karjakin, Sergey"]
[Result "0-1"]
[WhiteElo "2126"]
[BlackElo "2269"]
[PlyCount "118"]
[EventDate "2001.??.??"]
[EventType "tourn"]
[EventRounds "12"]
[EventCountry "UKR"]
[SourceTitle "EXT 2002"]
[Source "ChessBase"]
[SourceDate "2001.11.25"]
[SourceVersion "1"]
[SourceVersionDate "2001.11.25"]
[SourceQuality "1"]

1. Nf3 c5 2. g3 Nc6 3. Bg2 g6 4. O-O Bg7 5. d3 d5 6. Nbd2 e6 7. e4 Nge7 8. c3
b6 9. Qc2 Bb7 10. Re1 Qc7 11. Nf1 O-O-O 12. Rb1 h6 13. h4 dxe4 14. dxe4 Ne5 15.
Nxe5 Bxe5 16. Nh2 Nc6 17. Be3 Bg7 18. Ng4 h5 19. Nh2 Ne5 20. Bf4 Qc6 21. Bxe5
Bxe5 22. Rbd1 c4 23. f4 Bd6 24. e5 Bc5+ 25. Kf1 Qb5 26. Bxb7+ Kxb7 27. Rxd8
Rxd8 28. Rd1 Qc6 29. Rxd8 Qh1+ 30. Ke2 Qxh2+ 31. Kd1 Qg1+ 32. Ke2 Qf2+ 33. Kd1
Qf1+ 34. Kd2 Kc7 35. Re8 Qf3 36. Ke1 Qxg3+ 37. Kd1 Qg1+ 38. Kd2 Qf2+ 39. Kd1
Qf1+ 40. Kd2 Qxf4+ 41. Kd1 Qf1+ 42. Kd2 Qg2+ 43. Kd1 Qh1+ 44. Ke2 Qxh4 45. Qd2
Qe4+ 46. Kf1 Qxe5 47. Qd8+ Kc6 48. Qc8+ Qc7 49. Qxc7+ Kxc7 50. b4 cxb3 51. axb3
a5 52. Ra8 Kd6 53. Ke2 Ke5 54. Kf3 Kf5 55. Rh8 e5 56. Rh7 f6 57. Rh8 e4+ 58.
Ke2 Kg4 59. Rh6 Kg5 0-1

[Event "UKR-ch U14"]
[Site "Simferopol"]
[Date "2001.??.??"]
[Round "?"]
[White "Karjakin, Sergey"]
[Black "Eryomenko, Volodymyr"]
[Result "1-0"]
[WhiteElo "2269"]
[BlackElo "2146"]
[PlyCount "75"]
[EventDate "2001.??.??"]
[EventType "tourn"]
[EventRounds "12"]
[EventCountry "UKR"]
[SourceTitle "EXT 2002"]
[Source "ChessBase"]
[SourceDate "2001.11.25"]
[SourceVersion "1"]
[SourceVersionDate "2001.11.25"]
[SourceQuality "1"]

1. e4 d6 2. d4 Nf6 3. Nc3 g6 4. f4 Bg7 5. Nf3 c5 6. Bb5+ Bd7 7. e5 Ng4 8. Bxd7+
Qxd7 9. d5 dxe5 10. h3 e4 11. Nxe4 Nf6 12. Nxf6+ Bxf6 13. O-O O-O 14. Be3 Na6
15. Ne5 Qc7 16. Qf3 Nb4 17. Qe4 Bg7 18. c3 Na6 19. Ng4 f5 20. Qc4 Kh8 21. Ne5
Qd6 22. Rad1 Rac8 23. Rfe1 h6 24. Bf2 Kh7 25. Qb3 Rc7 26. c4 Qd8 27. Nf3 Rf6
28. Qc2 Rd6 29. Re2 b5 30. b3 Nb4 31. Qc1 bxc4 32. bxc4 Na6 33. Rde1 Qe8 34.
Bh4 Bf6 35. Re6 Qd8 36. Bxf6 exf6 37. Rxd6 Qxd6 38. Re6 1-0

[Event "UKR-ch U14"]
[Site "Simferopol"]
[Date "2001.??.??"]
[Round "?"]
[White "Karjakin, Sergey"]
[Black "Nazarevich, Vitaly"]
[Result "1/2-1/2"]
[WhiteElo "2269"]
[BlackElo "2305"]
[PlyCount "128"]
[EventDate "2001.??.??"]
[EventType "tourn"]
[EventRounds "12"]
[EventCountry "UKR"]
[SourceTitle "EXT 2002"]
[Source "ChessBase"]
[SourceDate "2001.11.25"]
[SourceVersion "1"]
[SourceVersionDate "2001.11.25"]
[SourceQuality "1"]

1. e4 c5 2. Nf3 Nc6 3. d4 cxd4 4. Nxd4 g6 5. c4 Bg7 6. Be3 Nf6 7. Nc3 d6 8. Be2
O-O 9. O-O Bd7 10. Nb3 Rc8 11. f4 Na5 12. c5 Bc6 13. e5 Ne8 14. Bg4 Ra8 15.
Nxa5 Qxa5 16. Nd5 Bxd5 17. Qxd5 Nc7 18. Qxb7 Rab8 19. Qc6 dxe5 20. b4 Qa3 21.
Rae1 Na6 22. fxe5 Nxb4 23. Qe4 Nd3 24. Rd1 Nxe5 25. Bh3 Rb4 26. Rd4 Rxd4 27.
Bxd4 Qa4 28. Rf4 Qd1+ 29. Rf1 Nf3+ 30. gxf3 Qxd4+ 31. Qxd4 Bxd4+ 32. Kg2 Bxc5
33. Rc1 Bd6 34. Rc8 f5 35. Rxf8+ Kxf8 36. Kg1 Kf7 37. Bf1 Kf6 38. Kg2 Ke5 39.
Bc4 Kf4 40. Bg8 h6 41. Be6 Ke5 42. Bf7 Kf6 43. Be8 e5 44. h3 Bc5 45. Kf1 e4 46.
fxe4 fxe4 47. Kg2 g5 48. Bh5 Ke5 49. Kf1 a5 50. Bg4 Kd4 51. Bf5 Ke3 52. Bg4 a4
53. Bd1 a3 54. Bh5 Kd2 55. Bg6 e3 56. Bh5 Kc2 57. Ke2 Kb2 58. Bf7 h5 59. Kd3 g4
60. hxg4 hxg4 61. Be6 g3 62. Bd5 g2 63. Bxg2 Kxa2 64. Kc2 e2 1/2-1/2

[Event "UKR-ch U14"]
[Site "Simferopol"]
[Date "2001.??.??"]
[Round "?"]
[White "Karjakin, Sergey"]
[Black "Tishin, Dmitry"]
[Result "1-0"]
[WhiteElo "2269"]
[BlackElo "2414"]
[PlyCount "129"]
[EventDate "2001.??.??"]
[EventType "tourn"]
[EventRounds "12"]
[EventCountry "UKR"]
[SourceTitle "EXT 2002"]
[Source "ChessBase"]
[SourceDate "2001.11.25"]
[SourceVersion "1"]
[SourceVersionDate "2001.11.25"]
[SourceQuality "1"]

1. e4 c5 2. Nf3 d6 3. d4 cxd4 4. Nxd4 Nf6 5. Nc3 a6 6. Be2 e5 7. Nb3 Be7 8. O-O
Be6 9. f4 Qc7 10. a4 b6 11. f5 Bc4 12. Be3 Nbd7 13. Bd3 O-O 14. Qf3 Rfd8 15.
Nd2 Bxd3 16. cxd3 Qb7 17. Nc4 a5 18. Bg5 Rac8 19. Ne3 d5 20. Bxf6 Nxf6 21.
Nexd5 Nxd5 22. Nxd5 Rc2 23. b3 f6 24. Rac1 Rdc8 25. Rxc2 Rxc2 26. Qd1 Rc6 27.
Qd2 Kf7 28. Rc1 Qc8 29. Rc4 Rxc4 30. dxc4 Bc5+ 31. Kf1 Qd7 32. Qd1 Qc6 33. Qh5+
Kg8 34. g3 Bf8 35. Kg2 Bc5 36. Qd1 Kf7 37. Qh5+ Kg8 38. h4 Bf8 39. Kh3 Qc5 40.
Qe8 h6 41. Kg4 Qg1 42. Kh5 Qxg3 43. Ne7+ Kh7 44. Qg6+ Qxg6+ 45. fxg6+ Kh8 46.
Nd5 Bc5 47. Kg4 Kg8 48. h5 Kf8 49. Kf5 Kg8 50. Ke6 Kf8 51. Nc3 Bd4 52. Ne2 Bf2
53. Nc1 Ke8 54. Nd3 Bd4 55. b4 axb4 56. Nxb4 Bc5 57. Nc6 Bf2 58. Ne7 Bc5 59.
Nf5 Bf8 60. Nxh6 gxh6 61. Kxf6 Be7+ 62. Kg7 Bg5 63. Kh7 Bf6 64. Kxh6 Kf8 65.
Kh7 1-0

[Event "UKR-ch U14"]
[Site "Simferopol"]
[Date "2001.??.??"]
[Round "?"]
[White "Karjakin, Sergey"]
[Black "Zavgorodniy, Sergiy"]
[Result "1-0"]
[WhiteElo "2269"]
[BlackElo "2370"]
[PlyCount "61"]
[EventDate "2001.??.??"]
[EventType "tourn"]
[EventRounds "12"]
[EventCountry "UKR"]
[SourceTitle "EXT 2002"]
[Source "ChessBase"]
[SourceDate "2001.11.25"]
[SourceVersion "1"]
[SourceVersionDate "2001.11.25"]
[SourceQuality "1"]

1. e4 c6 2. d4 d5 3. Nc3 dxe4 4. Nxe4 Nd7 5. Nf3 Ndf6 6. Neg5 Bg4 7. h3 Bxf3 8.
Nxf3 e6 9. g3 Bd6 10. Bg2 Ne7 11. O-O O-O 12. Qe2 Qc7 13. b3 Ng6 14. Bb2 Nd7
15. h4 Rfe8 16. h5 Ngf8 17. h6 g6 18. Ng5 Be7 19. f4 Bf6 20. Ne4 Bh8 21. c4 Nf6
22. Nxf6+ Bxf6 23. Qf2 Nd7 24. Rad1 Qd6 25. d5 exd5 26. cxd5 c5 27. Bh3 Rad8
28. Rfe1 Bxb2 29. Qxb2 Rxe1+ 30. Rxe1 Nf6 31. Re6 1-0

[Event "UKR-ch U14"]
[Site "Simferopol"]
[Date "2001.??.??"]
[Round "?"]
[White "Smirnov, Igor"]
[Black "Karjakin, Sergey"]
[Result "1-0"]
[WhiteElo "2331"]
[BlackElo "2269"]
[PlyCount "99"]
[EventDate "2001.??.??"]
[EventType "tourn"]
[EventRounds "12"]
[EventCountry "UKR"]
[SourceTitle "EXT 2002"]
[Source "ChessBase"]
[SourceDate "2001.11.25"]
[SourceVersion "1"]
[SourceVersionDate "2001.11.25"]
[SourceQuality "1"]

1. e4 d6 2. d4 Nf6 3. Nc3 g6 4. Be3 Bg7 5. f3 c6 6. Qd2 h5 7. O-O-O b5 8. h4
Qc7 9. Kb1 a6 10. Nh3 Nbd7 11. Ng5 Bb7 12. g3 e6 13. Bh3 Nb6 14. Qf2 Nc4 15.
Bc1 Nh7 16. Ne2 c5 17. Nxh7 Rxh7 18. d5 e5 19. g4 hxg4 20. Bxg4 Bf6 21. h5 gxh5
22. Ng3 h4 23. Nh5 Qe7 24. Nxf6+ Qxf6 25. b3 Nb6 26. Rdg1 Ke7 27. Bc8 Rxc8 28.
Bg5 Qxg5 29. Rxg5 Rch8 30. f4 f6 31. Rg4 h3 32. fxe5 fxe5 33. Qg3 Rf7 34. Rxh3
Rxh3 35. Qxh3 Kd8 36. Rg8+ Kc7 37. Qe6 Rd7 38. Re8 Bc8 39. Qg8 Kb7 40. Qf8 Kc7
41. a4 Bb7 42. axb5 axb5 43. Re6 Rd8 44. Re8 Rxe8 45. Qxe8 Nd7 46. Qe7 b4 47.
Kc1 Ba6 48. Kd2 c4 49. Ke3 cxb3 50. cxb3 1-0

[Event "UKR-ch U14"]
[Site "Simferopol"]
[Date "2001.??.??"]
[Round "?"]
[White "Tukhaev, Adam"]
[Black "Karjakin, Sergey"]
[Result "0-1"]
[WhiteElo "2245"]
[BlackElo "2269"]
[PlyCount "139"]
[EventDate "2001.??.??"]
[EventType "tourn"]
[EventRounds "12"]
[EventCountry "UKR"]
[SourceTitle "EXT 2002"]
[Source "ChessBase"]
[SourceDate "2001.11.25"]
[SourceVersion "1"]
[SourceVersionDate "2001.11.25"]
[SourceQuality "1"]

1. e4 d6 2. d4 Nf6 3. Nc3 g6 4. f4 Bg7 5. Nf3 O-O 6. Be2 c5 7. d5 b5 8. e5 dxe5
9. fxe5 Ng4 10. Bxb5 Nxe5 11. Nxe5 Bxe5 12. Bh6 Bg7 13. Bxg7 Kxg7 14. Qe2 a6
15. Bc4 Nd7 16. O-O-O Nf6 17. h3 Qd6 18. Rhe1 Ra7 19. Kb1 h5 20. Qe3 Bf5 21.
Be2 Rb8 22. b3 h4 23. Bc4 Rb4 24. Rd2 Qb6 25. Ka1 Ne8 26. a3 Qa5 27. Na2 Rbb7
28. Qc3+ Qxc3+ 29. Nxc3 Nd6 30. Na4 Rc7 31. Rde2 g5 32. Nb2 Nb5 33. Bxb5 axb5
34. Ka2 c4 35. b4 Rd7 36. Nd1 f6 37. Nc3 Rab7 38. Rf2 Bg6 39. a4 bxa4 40. Ka3
Bf7 41. Rd1 e5 42. d6 Rb6 43. Rfd2 f5 44. b5 Bh5 45. Rb1 Be8 46. Nxa4 Rdxd6 47.
Rxd6 Rxd6 48. b6 Rd8 49. b7 Rb8 50. Rb6 e4 51. Nc5 e3 52. Ne6+ Kg8 53. Nxg5 Bh5
54. Nf3 Bxf3 55. gxf3 Kf7 56. Rb5 Kf6 57. f4 e2 58. Re5 Rxb7 59. Rxe2 Rg7 60.
Kb4 Rg3 61. Kxc4 Rxh3 62. Rf2 Rg3 63. Kd4 h3 64. c4 Rg2 65. Rf1 h2 66. Rh1 Ke6
67. Ke3 Rc2 68. Kf3 Rc3+ 69. Kf2 Rxc4 70. Rxh2 0-1

[Event "UKR-ch U14"]
[Site "Simferopol"]
[Date "2001.??.??"]
[Round "?"]
[White "Zinchenko, Yaroslav"]
[Black "Karjakin, Sergey"]
[Result "1/2-1/2"]
[WhiteElo "2229"]
[BlackElo "2269"]
[PlyCount "82"]
[EventDate "2001.??.??"]
[EventType "tourn"]
[EventRounds "12"]
[EventCountry "UKR"]
[SourceTitle "EXT 2002"]
[Source "ChessBase"]
[SourceDate "2001.11.25"]
[SourceVersion "1"]
[SourceVersionDate "2001.11.25"]
[SourceQuality "1"]

1. e4 c5 2. c3 d5 3. exd5 Qxd5 4. d4 Nf6 5. Nf3 Bg4 6. Be2 e6 7. Na3 Nc6 8. Be3
cxd4 9. Nb5 O-O-O 10. Nbxd4 Nxd4 11. Qxd4 Qxd4 12. Bxd4 Bxf3 13. Bxf3 Kb8 14.
O-O Bd6 15. Rfe1 Rhe8 16. Rad1 Bc7 17. c4 Re7 18. Bc3 Rxd1 19. Rxd1 e5 20. c5
e4 21. Be2 Be5 22. Bxe5+ Rxe5 23. Rd8+ Kc7 24. Rf8 Re7 25. Bc4 Nd7 26. Rxf7
Rxf7 27. Bxf7 Nxc5 28. Kf1 Kd6 29. Ke2 Ke5 30. Ke3 Nd7 31. f4+ exf3 32. gxf3 g5
33. h4 h6 34. hxg5 hxg5 35. Bc4 Nb6 36. Bb3 Nc8 37. Bc2 Nd6 38. Bd3 b6 39. b3
Ne8 40. a4 Nd6 41. b4 Ne8 1/2-1/2

[Event "UKR-ch U20"]
[Site "Kharkov"]
[Date "2001.??.??"]
[Round "?"]
[White "Karjakin, Sergey"]
[Black "Areshchenko, Alexander"]
[Result "1-0"]
[WhiteElo "2269"]
[BlackElo "2335"]
[PlyCount "127"]
[EventDate "2001.??.??"]
[EventType "tourn"]
[EventRounds "10"]
[EventCountry "UKR"]
[EventCategory "5"]
[SourceTitle "EXT 2002"]
[Source "ChessBase"]
[SourceDate "2001.11.25"]
[SourceVersion "1"]
[SourceVersionDate "2001.11.25"]
[SourceQuality "1"]

1. e4 c5 2. c3 d5 3. exd5 Qxd5 4. d4 Nf6 5. Nf3 Bg4 6. dxc5 Qxd1+ 7. Kxd1 e5 8.
Be2 e4 9. Nd4 Bxc5 10. Bg5 Nbd7 11. Nd2 Bxe2+ 12. Kxe2 O-O 13. N2b3 Bb6 14. a4
h6 15. Bxf6 Nxf6 16. a5 Bxd4 17. Nxd4 a6 18. Rhd1 g6 19. Nb3 Rac8 20. Rd6 Kg7
21. Ra4 Rfe8 22. Rb4 Rc7 23. h3 Re5 24. Rdb6 Ree7 25. Rd4 Nd7 26. Rbd6 Ne5 27.
Nd2 f5 28. g3 Kf7 29. h4 h5 30. Rb6 Nc6 31. Rd6 Ne5 32. Rf6+ Kg7 33. Rfe6 Rxe6
34. Rxe6 Nd3 35. Rb6 Nc1+ 36. Ke3 Rd7 37. Nc4 Rd3+ 38. Kf4 Kh6 39. Ne3 Ne2+ 40.
Ke5 Nxg3 41. Nd5 Nh1 42. Nf4 Rd2 43. Nxg6 Nxf2 44. Ne7+ Kh7 45. Nxf5 Rd7 46.
Kf4 Rf7 47. Rh6+ Kg8 48. Rxh5 Rf6 49. Ke3 Nd1+ 50. Kxe4 Nxb2 51. Ke5 Rf8 52.
Nd6 Nd3+ 53. Kd4 Nf4 54. Rg5+ Kh7 55. Rf5 Rd8 56. Ke5 Nd3+ 57. Ke6 Rb8 58. Kf7
Kh6 59. Rg5 Nf4 60. Rg4 Nh5 61. Ne4 Kh7 62. Ng5+ Kh6 63. Ne6 Kh7 64. Rg6 1-0

[Event "UKR-ch U20"]
[Site "Kharkov"]
[Date "2001.??.??"]
[Round "?"]
[White "Karjakin, Sergey"]
[Black "Fedorchuk, Sergey A"]
[Result "1/2-1/2"]
[WhiteElo "2269"]
[BlackElo "2480"]
[PlyCount "95"]
[EventDate "2001.??.??"]
[EventType "tourn"]
[EventRounds "10"]
[EventCountry "UKR"]
[EventCategory "5"]
[SourceTitle "EXT 2002"]
[Source "ChessBase"]
[SourceDate "2001.11.25"]
[SourceVersion "1"]
[SourceVersionDate "2001.11.25"]
[SourceQuality "1"]

1. e4 c5 2. Nf3 d6 3. d4 cxd4 4. Nxd4 Nf6 5. Nc3 a6 6. Bg5 e6 7. f4 Qb6 8. Nb3
Nbd7 9. Qf3 Qc7 10. O-O-O b5 11. Bd3 Bb7 12. a3 Be7 13. Rhe1 Nc5 14. Nxc5 dxc5
15. Qg3 b4 16. axb4 cxb4 17. Ne2 Nxe4 18. Bxe4 Bxe4 19. Nd4 Bxg5 20. Rxe4 Bf6
21. f5 Qxg3 22. hxg3 O-O-O 23. fxe6 fxe6 24. c3 bxc3 25. bxc3 Rhe8 26. Nxe6
Rxd1+ 27. Kxd1 Re7 28. Kc2 a5 29. Nc5 Rxe4 30. Nxe4 Kd7 31. Kb3 Be5 32. g4 Bc7
33. Kc4 h6 34. Kb5 Ke6 35. c4 Ke5 36. Nc5 Bd6 37. Nb7 Be7 38. Nxa5 Kf4 39. Kc6
Kxg4 40. Kd7 Ba3 41. Nb7 Kg3 42. c5 Bxc5 43. Nxc5 Kxg2 44. Ke6 h5 45. Ne4 h4
46. Ng5 h3 47. Nxh3 Kxh3 48. Kf5 1/2-1/2

[Event "UKR-ch U20"]
[Site "Kharkov"]
[Date "2001.??.??"]
[Round "?"]
[White "Karjakin, Sergey"]
[Black "Firman, Nazar"]
[Result "0-1"]
[WhiteElo "2269"]
[BlackElo "2476"]
[PlyCount "94"]
[EventDate "2001.??.??"]
[EventType "tourn"]
[EventRounds "10"]
[EventCountry "UKR"]
[EventCategory "5"]
[SourceTitle "EXT 2002"]
[Source "ChessBase"]
[SourceDate "2001.11.25"]
[SourceVersion "1"]
[SourceVersionDate "2001.11.25"]
[SourceQuality "1"]

1. e4 g6 2. d4 Bg7 3. Nc3 d6 4. g3 Nf6 5. Bg2 O-O 6. Nge2 e5 7. h3 a6 8. Bg5 h6
9. Be3 Nc6 10. Qd2 Kh7 11. g4 b5 12. d5 Na5 13. b3 b4 14. Nd1 Rb8 15. a3 c5 16.
Nb2 Qc7 17. O-O Bd7 18. Ra2 Bb5 19. Rfa1 Nb7 20. Ng3 a5 21. Bf1 Bxf1 22. Kxf1
Nxe4 23. Nxe4 f5 24. axb4 cxb4 25. Nc4 fxe4 26. Nxa5 Rf3 27. Nxb7 Rxb7 28. Ra7
Rxh3 29. Kg2 Rh4 30. Kg3 Rxa7 31. Rxa7 Qd8 32. g5 Rh5 33. Qe2 hxg5 34. Qg4 Qf6
35. Rd7 Rh1 36. f3 exf3 37. Bxg5 Qxg5 38. Qxg5 Rg1+ 39. Kh4 Rxg5 40. Kxg5 e4
41. Rf7 Kg8 42. Kxg6 Bh6 43. Rf6 e3 44. Kxh6 e2 45. Re6 f2 46. Rxe2 f1=Q 47.
Re6 Qf5 0-1

[Event "UKR-ch U20"]
[Site "Kharkov"]
[Date "2001.??.??"]
[Round "?"]
[White "Karjakin, Sergey"]
[Black "Gasanov, Eldar"]
[Result "0-1"]
[WhiteElo "2269"]
[BlackElo "2414"]
[PlyCount "155"]
[EventDate "2001.??.??"]
[EventType "tourn"]
[EventRounds "10"]
[EventCountry "UKR"]
[EventCategory "5"]
[SourceTitle "EXT 2002"]
[Source "ChessBase"]
[SourceDate "2001.11.25"]
[SourceVersion "1"]
[SourceVersionDate "2001.11.25"]
[SourceQuality "1"]

1. e4 c5 2. Nc3 Nc6 3. Nf3 e5 4. Bc4 d6 5. d3 Be7 6. Nd2 Nf6 7. Nf1 Bg4 8. f3
Be6 9. Ne3 O-O 10. O-O Nb4 11. a3 d5 12. Bb3 c4 13. dxc4 dxc4 14. Ba4 Nc6 15.
Bxc6 bxc6 16. Qe2 Qb6 17. Kh1 Qa6 18. Nf5 Bd8 19. Be3 g6 20. Ng3 Be7 21. f4
exf4 22. Bxf4 Qb7 23. Bg5 Nh5 24. Bxe7 Nxg3+ 25. hxg3 Qxe7 26. e5 Bf5 27. Rae1
Rab8 28. Qxc4 Rxb2 29. Qxc6 Qxa3 30. Nd5 Be6 31. Nf6+ Kg7 32. Rf3 Qa5 33. c3
Rc8 34. Qe4 h6 35. Rd1 Rb5 36. Re1 Rxc3 37. Ne8+ Kf8 38. Rxc3 Qxc3 39. Nd6 Rd5
40. Rb1 Qxe5 41. Rb8+ Kg7 42. Ne8+ Kh7 43. Qxe5 Rxe5 44. Nf6+ Kg7 45. Ne8+ Kf8
46. Nd6+ Ke7 47. Nc8+ Bxc8 48. Rxc8 a5 49. Ra8 h5 50. Ra7+ Kf6 51. Kh2 Rf5 52.
Kh3 Kg5 53. Rc7 Rf1 54. Kh2 f5 55. Ra7 Ra1 56. Ra6 a4 57. Ra8 Kg4 58. Rb8 Re1
59. Rb6 g5 60. Ra6 Re4 61. Ra5 Rb4 62. Rc5 Re4 63. Ra5 f4 64. gxf4 Kxf4 65. Kh1
h4 66. Kh2 g4 67. Ra8 Ke3 68. Rh8 Kd3 69. Rc8 Rc4 70. Rb8 Kc3 71. Ra8 Kb3 72.
Rb8+ Rb4 73. Re8 a3 74. Re3+ Kb2 75. Re2+ Kb1 76. Re1+ Kc2 77. Re2+ Kd3 78. Re8
0-1

[Event "UKR-ch U20"]
[Site "Kharkov"]
[Date "2001.??.??"]
[Round "?"]
[White "Karjakin, Sergey"]
[Black "Volokitin, Andrei"]
[Result "1/2-1/2"]
[WhiteElo "2269"]
[BlackElo "2469"]
[PlyCount "113"]
[EventDate "2001.??.??"]
[EventType "tourn"]
[EventRounds "10"]
[EventCountry "UKR"]
[EventCategory "5"]
[SourceTitle "EXT 2002"]
[Source "ChessBase"]
[SourceDate "2001.11.25"]
[SourceVersion "1"]
[SourceVersionDate "2001.11.25"]
[SourceQuality "1"]

1. e4 c5 2. Nf3 e6 3. d4 cxd4 4. Nxd4 Nc6 5. Nc3 a6 6. Be2 Qc7 7. O-O Nf6 8.
Be3 Be7 9. f4 d6 10. a4 O-O 11. Kh1 Re8 12. Bf3 Rb8 13. g4 Nd7 14. g5 b6 15.
Nxc6 Qxc6 16. Bg2 Bb7 17. h4 Qc4 18. Re1 Rbd8 19. Qd3 Qc8 20. Bg1 Nc5 21. Qh3
Qa8 22. f5 d5 23. exd5 exd5 24. Bd4 Bf8 25. h5 Ne4 26. Bxb6 Nxg5 27. Qg4 h6 28.
Bxd8 Rxd8 29. Rad1 Rc8 30. Re2 Rd8 31. Red2 d4 32. Rxd4 Rxd4 33. Rxd4 Bxg2+ 34.
Qxg2 Qb8 35. Ne4 Qxb2 36. Rd1 Qb4 37. Nxg5 hxg5 38. Qxg5 Qe4+ 39. Qg2 Qh4+ 40.
Qh2 Qe4+ 41. Qg2 Qh4+ 42. Kg1 Bc5+ 43. Kf1 Qf4+ 44. Ke1 Qe3+ 45. Kf1 Qf4+ 46.
Ke1 Qe5+ 47. Kf1 Qxf5+ 48. Ke2 Qxc2+ 49. Rd2 Qc4+ 50. Rd3 Qxa4 51. Qa8+ Kh7 52.
Qd5 Qg4+ 53. Rf3 Qe6+ 54. Qxe6 fxe6 55. Rc3 Bd4 56. Rc4 Bf6 57. Kf3 1/2-1/2

[Event "UKR-ch U20"]
[Site "Kharkov"]
[Date "2001.??.??"]
[Round "?"]
[White "Kislinsky, Alexey"]
[Black "Karjakin, Sergey"]
[Result "1-0"]
[WhiteElo "2412"]
[BlackElo "2269"]
[PlyCount "109"]
[EventDate "2001.??.??"]
[EventType "tourn"]
[EventRounds "10"]
[EventCountry "UKR"]
[EventCategory "5"]
[SourceTitle "EXT 2002"]
[Source "ChessBase"]
[SourceDate "2001.11.25"]
[SourceVersion "1"]
[SourceVersionDate "2001.11.25"]
[SourceQuality "1"]

1. e4 c5 2. Nc3 Nc6 3. g3 g6 4. Bg2 Bg7 5. d3 d6 6. Nge2 Rb8 7. a4 e6 8. O-O
Nge7 9. Bg5 h6 10. Be3 Nd4 11. Qd2 Bd7 12. Bxd4 cxd4 13. Nb5 Qb6 14. Qb4 Bxb5
15. Qxb5+ Nc6 16. Qxb6 axb6 17. c3 Kd7 18. f4 Rhe8 19. Ra3 Ra8 20. f5 exf5 21.
Nf4 Ne7 22. exf5 gxf5 23. Bxb7 Ra5 24. c4 Be5 25. Nd5 h5 26. Nxe7 Rxe7 27. Rxf5
h4 28. g4 Bg7 29. Rxa5 bxa5 30. Be4 Kc8 31. Rb3 Ra7 32. Rb5 Be5 33. Kg2 f6 34.
h3 Kc7 35. Kf3 Kd7 36. Bd5 Kc7 37. Ke4 Kc8 38. Kf5 Kc7 39. Be4 Kd7 40. Kg6 Ke7
41. Bd5 Ra6 42. Rb7+ Ke8 43. Kf5 Kd8 44. Ke6 Kc8 45. b3 Ra8 46. Rh7 Rb8 47.
Rxh4 Kc7 48. Rh7+ Kb6 49. h4 Ka6 50. h5 Rxb3 51. c5 Rb4 52. cxd6 Rxa4 53. Rb7
Ra1 54. d7 Re1 55. Be4 1-0

[Event "UKR-ch U20"]
[Site "Kharkov"]
[Date "2001.??.??"]
[Round "?"]
[White "Korobov, Anton"]
[Black "Karjakin, Sergey"]
[Result "1/2-1/2"]
[WhiteElo "2401"]
[BlackElo "2269"]
[PlyCount "43"]
[EventDate "2001.??.??"]
[EventType "tourn"]
[EventRounds "10"]
[EventCountry "UKR"]
[EventCategory "5"]
[SourceTitle "EXT 2002"]
[Source "ChessBase"]
[SourceDate "2001.11.25"]
[SourceVersion "1"]
[SourceVersionDate "2001.11.25"]
[SourceQuality "1"]

1. d4 Nf6 2. c4 g6 3. Nc3 d5 4. cxd5 Nxd5 5. e4 Nxc3 6. bxc3 Bg7 7. Nf3 c5 8.
h3 O-O 9. Be2 b6 10. O-O Bb7 11. Qd3 cxd4 12. cxd4 Ba6 13. Qe3 Bxe2 14. Qxe2
Bxd4 15. Nxd4 Qxd4 16. Bb2 Qd7 17. f4 Nc6 18. f5 e5 19. Rad1 Nd4 20. Qe3 f6 21.
Bxd4 exd4 22. Rxd4 1/2-1/2

[Event "UKR-ch U20"]
[Site "Kharkov"]
[Date "2001.??.??"]
[Round "?"]
[White "Shkuro, Iuri"]
[Black "Karjakin, Sergey"]
[Result "0-1"]
[WhiteElo "2250"]
[BlackElo "2269"]
[PlyCount "150"]
[EventDate "2001.??.??"]
[EventType "tourn"]
[EventRounds "10"]
[EventCountry "UKR"]
[EventCategory "5"]
[SourceTitle "EXT 2002"]
[Source "ChessBase"]
[SourceDate "2001.11.25"]
[SourceVersion "1"]
[SourceVersionDate "2001.11.25"]
[SourceQuality "1"]

1. e4 c5 2. Nf3 d6 3. d4 cxd4 4. Nxd4 Nf6 5. Nc3 a6 6. Be3 Ng4 7. Bg5 h6 8. Bh4
g5 9. Bg3 Bg7 10. Be2 h5 11. Bxg4 hxg4 12. O-O e6 13. Nde2 Be5 14. Bxe5 dxe5
15. Qxd8+ Kxd8 16. Rad1+ Ke7 17. f3 gxf3 18. Rxf3 Bd7 19. Rfd3 Bc6 20. Nc1 Nd7
21. Nb3 b6 22. a4 Nf6 23. Nd2 b5 24. axb5 axb5 25. b4 g4 26. Re1 Rhd8 27. Rxd8
Rxd8 28. Nb3 Ra8 29. Na5 Be8 30. Kf2 Rc8 31. Nd1 Rxc2+ 32. Kf1 Rd2 33. Nb3 Rd3
34. Nc5 Rd4 35. Nf2 Bc6 36. Ra1 Nxe4 37. Ra7+ Ke8 38. Ncxe4 Bxe4 39. h3 Bf5 40.
hxg4 Bxg4 41. Rb7 Rxb4 42. Nxg4 Rxg4 43. Rxb5 Re4 44. Rb7 Rd4 45. Kf2 Rd7 46.
Rb5 f6 47. g4 Kf7 48. g5 f5 49. Rxe5 Rd4 50. Kf3 Rg4 51. Ra5 Rxg5 52. Kf4 Rg4+
53. Kf3 Kf6 54. Ra8 Rb4 55. Ke3 Rb3+ 56. Kf2 f4 57. Rf8+ Ke5 58. Ra8 Kf5 59.
Ra4 e5 60. Ra5 Rd3 61. Ke2 Rh3 62. Kf2 Rh2+ 63. Kf3 Rb2 64. Rc5 Rb3+ 65. Kf2
Ke4 66. Rc4+ Kd5 67. Ra4 e4 68. Ke2 Rb2+ 69. Ke1 f3 70. Ra5+ Kd4 71. Ra4+ Ke3
72. Ra3+ Kf4 73. Ra4 f2+ 74. Kf1 Kf3 75. Ra2 Rb1# 0-1

[Event "UKR-chT 9th"]
[Site "Alushta"]
[Date "2001.04.??"]
[Round "2"]
[White "Stets, Dmitry"]
[Black "Karjakin, Sergey"]
[Result "1-0"]
[WhiteElo "2349"]
[BlackElo "2269"]
[PlyCount "55"]
[EventDate "2001.04.06"]
[EventType "team-tourn"]
[EventRounds "9"]
[EventCountry "UKR"]
[SourceTitle "EXT 2019"]
[Source "ChessBase"]
[SourceDate "2018.10.10"]
[SourceVersion "1"]
[SourceVersionDate "2018.10.10"]
[SourceQuality "1"]
[WhiteTeam "Kherson Zakhidinkombank"]
[BlackTeam "Chaika Grandmasters' School"]
[WhiteTeamCountry "UKR"]
[BlackTeamCountry "UKR"]

1. e4 d6 2. d4 Nf6 3. Nc3 g6 4. f4 Bg7 5. Nf3 O-O 6. Bd3 Na6 7. O-O c5 8. d5
Bg4 9. a3 Nd7 10. h3 Bxf3 11. Qxf3 Rc8 12. Be3 Qa5 13. Qg4 Rfd8 14. Bd2 c4 15.
Be2 Nac5 16. Kh1 Na4 17. f5 Nxc3 18. fxg6 hxg6 19. Rxf7 Kxf7 20. Qe6+ Kf8 21.
Qxg6 Nf6 22. Rf1 Qb5 23. Bh6 Bxh6 24. Bh5 Qe8 25. Qxh6+ Kg8 26. Bxe8 Ncxe4 27.
Qg6+ Kh8 28. Rf4 1-0